LEADER 00888cam0-2200313---450- 001 990004066960403321 005 20160224150148.0 035 $a000406696 035 $aFED01000406696 035 $a(Aleph)000406696FED01 035 $a000406696 100 $a19990604d1986----km-y0itay50------ba 101 0 $aita 102 $aIT 105 $a--------001yy 200 1 $aSulla soglia della memoria$eindagine e letture$fSebastiano Martelli 210 $aSalerno$cEdisud$d1986 215 $a299 p.$d21 cm 225 1 $aStudi e testi$v1 610 0 $aLetteratura italiana$a1945-1980 676 $a850.900914$v22$zita 700 1$aMartelli,$bSebastiano$0155178 801 0$aIT$bUNINA$gRICA$2UNIMARC 901 $aBK 912 $a990004066960403321 952 $a850.900914 MAR 1$bDip.f.m.3087$fFLFBC 959 $aFLFBC 996 $aSulla soglia della memoria$9470025 997 $aUNINA LEADER 01007nam--2200337---450- 001 990003236040203316 005 20090506100320.0 035 $a000323604 035 $aUSA01000323604 035 $a(ALEPH)000323604USA01 035 $a000323604 100 $a20090506d1969----km-y0itay50------ba 101 $aeng 102 $aGB 105 $a||||||||001yy 200 1 $a<> introduction to abstract algebra$fF.M. Hall 210 $aCambridge$cThe University Press$d1969 215 $av.2$cill.$d22 cm 327 1 $a<> 2 ed. 1972; XIII, 300 p. <> 1969; XII, 388 p. 606 0 $aAlgebra astratta 676 $a512.02 700 1$aHALL,$bF.M.$058981 801 0$aIT$bsalbc$gISBD 912 $a990003236040203316 951 $a512.02 HAL 1$b2418/CBS$c512.02$d00219875 951 $a512.02 HAL 2 (A)$b2419/CBS$c512.02$d00219870 959 $aBK 969 $aSCI 979 $aRSIAV6$b90$c20090506$lUSA01$h1003 996 $aIntroduction to abstract algebra$945814 997 $aUNISA LEADER 01798nam 2200493 a 450 001 9910698076803321 005 20090206094316.0 035 $a(CKB)5470000002394232 035 $a(OCoLC)301946666 035 $a(EXLCZ)995470000002394232 100 $a20090206d1987 ua 0 101 0 $aeng 135 $aurbn||||a|||| 181 $ctxt$2rdacontent 182 $cc$2rdamedia 183 $acr$2rdacarrier 200 10$aAnalysis of diffusion flame tests$b[electronic resource] /$fJ.E. Shepherd 210 1$aAlbuquerque, NM :$cSandia National Laboratories,$d[1987] 215 $a1 volume (various pagings) $cdigital, PDF file 300 $aTitle from title screen (viewed on Feb. 6, 2009). 300 $a"August 1987." 300 $a"NUREG/CR-4534." 300 $a"SAND86-0419." 320 $aIncludes bibliographical references (pages 51-52). 606 $aHydrogen$xCombustion$xTesting 606 $aFire testing 606 $aCombustion$xResearch 606 $aHeat$xTransmission$xResearch 606 $aNuclear reactors$xContainment$xTesting 615 0$aHydrogen$xCombustion$xTesting. 615 0$aFire testing. 615 0$aCombustion$xResearch. 615 0$aHeat$xTransmission$xResearch. 615 0$aNuclear reactors$xContainment$xTesting. 700 $aShepherd$b J. E$g(Joseph E.)$01412414 712 02$aSandia National Laboratories. 712 02$aU.S. Nuclear Regulatory Commission.$bOffice of Nuclear Regulatory Research.$bDivision of Engineering. 712 02$aU.S. Nuclear Regulatory Commission.$bOffice of Nuclear Regulatory Research.$bDivision of Reactor Accident Analysis. 801 0$bGPO 801 1$bGPO 906 $aBOOK 912 $a9910698076803321 996 $aAnalysis of diffusion flame tests$93536720 997 $aUNINA